=LDR 00000nam 2200000 4500 =001 INLIS000000000005447 =005 20251016110333 =035 ##$$a 0010-1025000502 =007 ta =008 251016################f##########0#ind## =082 ##$$a 304.66 =084 ##$$a 304.66 BAD p =245 1#$$a Petunjuk Pelaksanaan Pembinaan Pendidikan Keluarga Berencana /$c BADAN KOORDINASI KELUARGA BERENCANA NASIONAL =260 ##$$a Jakarta :$b Badan Koordinasi Keluarga Berencana Nasional,$c 1990 =300 ##$$a 47 hlm. =650 #4$$a Keluarga Berencana =110 2#$$a BADAN KOORDINASI KELUARGA BERENCANA NASIONAL =856 ##$$a Perpustakaan Kemendukbangga